=LDR 00000nam 2200000 4500 =001 INLIS000000000060292 =005 20220119102435 =035 ##$$a 0010-0122000228 =007 ta =008 220119###########################0###### =082 ##$$a 910.074 598 655 =084 ##$$a 910.074 598 655 Buk b =245 1#$$a Buku Panduan : $b Festival Pesona Tambora 2016 /$c Pemkab. Dompu =300 ##$$a 33 halaman : $b ilus ; $c 21 cm =650 #4$$a Pariwisata - Buku Panduan - Dompu =264 ##$$a Dompu :$b Pemkab Dompu,$c 2016 =336 ##$$a Teks$2 rdacontent =337 ##$$a Buku$2 rdamedia =338 ##$$a lain-lain$2 rdacarrier =990 ##$$a 03060306 =990 ##$$a 040/45/2016